Statics and Strength of Materials for Architecture and Building Construction / (Record no. 16498)
[ view plain ]
| 000 -LEADER | |
|---|---|
| fixed length control field | 01138cam a22003015a 4500 |
| 001 - CONTROL NUMBER | |
| control field | 16584946 |
| 005 - DATE AND TIME OF LATEST TRANSACTION | |
| control field | 20150817114726.0 |
| 008 - FIXED-LENGTH DATA ELEMENTS--GENERAL INFORMATION | |
| fixed length control field | 101220t2012 maua fr 001 0 eng d |
| 020 ## - INTERNATIONAL STANDARD BOOK NUMBER | |
| International Standard Book Number | 013507925X |
| 020 ## - INTERNATIONAL STANDARD BOOK NUMBER | |
| International Standard Book Number | 9780135079256 |
| 082 00 - DEWEY DECIMAL CLASSIFICATION NUMBER | |
| Classification number | 624.1771 |
| Item number | ONO |
| Edition number | 22 |
| 100 1# - MAIN ENTRY--PERSONAL NAME | |
| Personal name | Onouye, Barry |
| Fuller form of name | (Barry Shizuo) |
| 9 (RLIN) | 29041 |
| 245 10 - TITLE STATEMENT | |
| Title | Statics and Strength of Materials for Architecture and Building Construction / |
| Statement of responsibility, etc | Barry Onouye with Kevin Kane, Department of Architecture, College of Architecture and Urban Planning, University of Washington. |
| 250 ## - EDITION STATEMENT | |
| Edition statement | Fourth Edition. |
| 260 ## - PUBLICATION, DISTRIBUTION, ETC. (IMPRINT) | |
| Place of publication, distribution, etc | Boston : |
| Name of publisher, distributor, etc | Prentice Hall, |
| Date of publication, distribution, etc | c.2012. |
| 300 ## - PHYSICAL DESCRIPTION | |
| Extent | xv, 600 p. : |
| Other physical details | ill. ; |
| Dimensions | 29 cm |
| 500 ## - GENERAL NOTE | |
| General note | Index : p. 589-600. |
| 590 ## - LOCAL NOTE (RLIN) | |
| Local note | doaa mohamed |
| 650 #0 - SUBJECT ADDED ENTRY--TOPICAL TERM | |
| Topical term or geographic name as entry element | Structural design. |
| 9 (RLIN) | 29042 |
| Source of heading or term | BUEsh |
| 650 #0 - SUBJECT ADDED ENTRY--TOPICAL TERM | |
| Topical term or geographic name as entry element | Statics. |
| 9 (RLIN) | 29043 |
| Source of heading or term | BUEsh |
| 650 #0 - SUBJECT ADDED ENTRY--TOPICAL TERM | |
| Topical term or geographic name as entry element | Strength of materials. |
| 9 (RLIN) | 29044 |
| Source of heading or term | BUEsh |
| 650 #0 - SUBJECT ADDED ENTRY--TOPICAL TERM | |
| Topical term or geographic name as entry element | Strains and stresses. |
| 9 (RLIN) | 29045 |
| Source of heading or term | BUEsh |
| 651 ## - SUBJECT ADDED ENTRY--GEOGRAPHIC NAME | |
| Source of heading or term | BUEsh |
| 653 ## - INDEX TERM--UNCONTROLLED | |
| Resource For college | Engineering, Architecture |
| Arrived date list | August2015 |
| 700 1# - ADDED ENTRY--PERSONAL NAME | |
| Personal name | Kane, Kevin, |
| Dates associated with a name | 1954- |
| 9 (RLIN) | 29046 |
| 942 ## - ADDED ENTRY ELEMENTS (KOHA) | |
| Source of classification or shelving scheme | Dewey Decimal Classification |
| Item type | Book - Borrowing |
| Withdrawn status | Item status | Source of classification or shelving scheme | Damaged status | Not for loan | Vendor | Home library | Current library | Shelving location | Date acquired | Source of acquisition | Cost, normal purchase price | Serial Enumeration / chronology | Total Checkouts | Full call number | Barcode | Date last seen | Koha item type |
|---|---|---|---|---|---|---|---|---|---|---|---|---|---|---|---|---|---|
| Dewey Decimal Classification | Alahram | Central Library | Central Library | First floor | 20/02/2012 | 199.00 | 682 | 624.1771 ONO | 000026158 | 15/07/2025 | Book - Borrowing |